Journal of a residence in Chile: during the year 1822, and a voyage from Chile to Brazil in 1823

Saved in:
Bibliographic Details
Main Author: Graham, María (Author)
Format: Book
Language:English
Published: Charlottesville University of Virginia Press 2003
Edition:1a. ed
Subjects:
Tags: Add Tag
No Tags, Be the first to tag this record!

MARC

LEADER 00000cam a2200000 a 4500
001 UCC1267
003 CL-VaPUC
008 171020e20030000us |||||||||||||||||eng|d
020 |a 081392216X 
082 0 4 |a 918.3  |b GRA  |2 21 
100 0 |a Graham, María  |e author  |9 448801 
245 1 0 |a Journal of a residence in Chile: during the year 1822, and a voyage from Chile to Brazil in 1823 
250 |a 1a. ed 
300 |a 336 p 
942 |c BK 
945 |d 20171020 15:16:00  |a dcastane 
260 |a Charlottesville  |b University of Virginia Press  |c 2003 
650 0 |a Vida social y costumbres  |9 258725 
650 7 |a DIARIOS INTIMOS  |2 CL-VaPUC  |9 265378 
583 |a last modification  |c 20171020 15:16:00  |k Rodrigo Vera 
999 |c 369826  |d 369824 
952 |0 0  |1 0  |3 erb  |4 0  |6 918_300000000000000_GRA_2003  |7 0  |8 A  |9 485961  |a FDOPOS  |b FDOPOS  |i 542996K  |l 2  |o 918.3 GRA 2003  |p 542996K  |r 2025-01-22  |s 2022-12-06  |w 2019-11-24  |y BK  |z Catalogado en:20171020  |k DLH